| 000 | 00445nam a2200169Ia 4500 | ||
|---|---|---|---|
| 008 | 221030s9999 xx 000 0 und d | ||
| 020 | _a8175440562 | ||
| 041 | _aEnglish | ||
| 082 |
_a105.23 _bMeh |
||
| 100 | _aS. Mehta | ||
| 245 | 0 |
_aWheeler`s Question Bank Series - LAN Local Area Networks _cby S. Mehta, R. Bangia |
|
| 260 |
_bWheeler Pub. _aNew Delhi _c1999 |
||
| 300 | _a75 | ||
| 650 | _aBE Computer | ||
| 700 | _aR. Bangia | ||
| 942 | _cBK | ||
| 999 |
_c5799 _d5799 |
||